[Event "Barbera del Valles"]
[Site "XXIX Open"]
[Date "2006.07.08"]
[Round "4"]
[White "Lazaro Porta, Angel"]
[Black "Alonso Rosell, Alvar"]
[Result "0-1"]
[WhiteElo "2151"]
[BlackElo "2196"]
[PlyCount "82"]
[EventDate "2006.07.05"]
[SourceDate "2006.07.06"]

1. Nf3 c5 2. g3 g6 3. Bg2 Bg7 4. O-O d5 5. d4 cxd4 6. Nxd4 Nc6 7. Nxc6 bxc6 8.
c4 Nf6 9. Nc3 e6 10. Qa4 Bd7 11. c5 e5 12. Bg5 h6 13. Bxf6 Bxf6 14. Rad1 O-O
15. e3 Qe7 16. Rc1 e4 17. Rc2 h5 18. Ne2 h4 19. h3 Be5 20. gxh4 Kg7 21. h5 Rh8
22. Ng3 Qg5 23. h4 Qxh4 24. f4 Bf6 25. Kf2 d4 26. Qa3 Qg4 27. Nxe4 Bf5 28. Nxf6
Qh4+ 29. Kf3 Bxc2 30. Ng4 Be4+ 31. Kxe4 Qxg4 32. Bf3 Qe6+ 33. Kxd4 Rhd8+ 34.
Kc3 Qf5 35. Be2 Qe4 36. Rf3 Qb1 37. Rf1 Qe4 38. Rf3 a5 39. b3 Qf5 40. Qb2 Kg8
41. hxg6 Qf6+ 0-1

[Event "Barbera del Valles"]
[Site "XXIX Open"]
[Date "2006.07.08"]
[Round "4"]
[White "Moreto Quintana, Alex"]
[Black "Hernandez Casillas, Joan"]
[Result "1-0"]
[WhiteElo "2138"]
[BlackElo "2184"]
[PlyCount "79"]
[EventDate "2006.07.05"]
[SourceDate "2006.07.06"]

1. d4 d5 2. Nf3 Nf6 3. c4 c6 4. Nc3 dxc4 5. a4 Bf5 6. Ne5 e6 7. g3 Bb4 8. Bg2
O-O 9. O-O Nbd7 10. Nxc4 h6 11. e4 Bh7 12. e5 Nd5 13. Ne4 N7b6 14. Ncd6 Rb8 15.
a5 Nc8 16. Nc4 b5 17. axb6 axb6 18. Bd2 Be7 19. f4 Qd7 20. g4 Na7 21. Qf3 Nb5
22. Bc3 Bxe4 23. Qxe4 Nbxc3 24. bxc3 Nxc3 25. Qd3 Qxd4+ 26. Qxd4 Ne2+ 27. Kh1
Nxd4 28. Ra7 Bc5 29. Rc7 Rbc8 30. Rb7 Rb8 31. Rc7 Rfc8 32. Rd7 Rd8 33. Rc7 b5
34. Nd6 Bxd6 35. exd6 Rxd6 36. Ra1 b4 37. Be4 b3 38. Raa7 Nb5 39. Rab7 Rxb7 40.
Rc8+ 1-0

[Event "Barbera del Valles"]
[Site "XXIX Open"]
[Date "2006.07.08"]
[Round "4"]
[White "Esquivel, Luis"]
[Black "Rafols Albet, Josep"]
[Result "1-0"]
[WhiteElo "2179"]
[BlackElo "2072"]
[PlyCount "67"]
[EventDate "2006.07.05"]
[SourceDate "2006.07.06"]

1. e4 e5 2. Nf3 Nf6 3. Nxe5 d6 4. Nf3 Nxe4 5. Nc3 Nxc3 6. dxc3 Nd7 7. Bf4 Nc5
8. Qd2 Be6 9. Nd4 Qd7 10. Nxe6 Qxe6+ 11. Be2 O-O-O 12. O-O d5 13. b4 Ne4 14.
Qd4 c5 15. Qd3 c4 16. Qd4 g5 17. Be3 Bd6 18. Qxa7 Nxc3 19. Bh5 Nb5 20. Qb6 Qe5
21. g3 d4 22. a4 dxe3 23. axb5 exf2+ 24. Qxf2 Rhf8 25. c3 f5 26. Bf3 Rf7 27. b6
Re7 28. Ra8+ Bb8 29. Ra5 Qe3 30. Rc5+ Kd7 31. Rd1+ Bd6 32. Rxd6+ Kxd6 33. Rd5+
Kc6 34. Re5+ 1-0

[Event "Barbera del Valles"]
[Site "XXIX Open"]
[Date "2006.07.08"]
[Round "4"]
[White "Severri Arrese, Carlos"]
[Black "Chalmeta Ugas, Ramon"]
[Result "1-0"]
[WhiteElo "2069"]
[BlackElo "2167"]
[PlyCount "95"]
[EventDate "2006.07.05"]
[SourceDate "2006.07.06"]

1. e4 c5 2. b3 Nc6 3. Bb2 d6 4. Bb5 Bd7 5. Nf3 Nf6 6. Nc3 a6 7. Bxc6 Bxc6 8.
Qe2 e6 9. O-O Be7 10. Rfe1 O-O 11. Rad1 Qc7 12. e5 Bxf3 13. Qxf3 dxe5 14. Ne4
Nd7 15. Qh5 f5 16. Ng5 Bxg5 17. Qxg5 Rf6 18. Bxe5 Nxe5 19. Qf4 Rg6 20. Rxe5 Qc6
21. f3 Rd8 22. Rde1 Rd4 23. Qe3 Qd6 24. d3 Kf7 25. a4 b6 26. Qc1 Rd5 27. Qe3
Rd4 28. Kf2 a5 29. f4 Qc6 30. g3 Rh6 31. h4 Rg6 32. Qf3 Qc8 33. Qh5 Rd6 34. g4
fxg4 35. f5 exf5 36. Re7+ Kf6 37. Qxh7 Qc6 38. R1e3 f4 39. R3e4 g3+ 40. Kg1 f3
41. Qg8 f2+ 42. Kg2 Qxe4+ 43. Rxe4 Kf5 44. Qc8+ Rge6 45. Qf8+ Rf6 46. Qxg7
f1=Q+ 47. Kxf1 g2+ 48. Kg1 1-0

[Event "Barbera del Valles"]
[Site "XXIX Open"]
[Date "2006.07.08"]
[Round "4"]
[White "Sanchez Jerez, Emilio"]
[Black "Pascual Sauch, Angel"]
[Result "1-0"]
[WhiteElo "2062"]
[BlackElo "2167"]
[PlyCount "83"]
[EventDate "2006.07.05"]
[SourceDate "2006.07.06"]

1. e4 c5 2. Nf3 Nc6 3. d4 cxd4 4. Nxd4 g6 5. Nc3 Bg7 6. Be3 Nf6 7. Bc4 Qa5 8.
f3 Qb4 9. Nxc6 Qxc4 10. Nxa7 O-O 11. Qd3 Qxd3 12. cxd3 d6 13. Nxc8 Rfxc8 14.
Kd2 Nd7 15. Rhc1 Kf8 16. d4 Nb6 17. b3 Nd7 18. a4 Nb8 19. Nd5 Rxc1 20. Rxc1 Nc6
21. Nb6 Rd8 22. d5 Nd4 23. Rb1 e5 24. Kd3 f5 25. Bxd4 fxe4+ 26. fxe4 exd4 27.
Rc1 Be5 28. h3 Kg7 29. Rc8 Rxc8 30. Nxc8 Kf7 31. Na7 Kf6 32. Nb5 Bg3 33. Nxd4
Ke5 34. Nc6+ bxc6 35. dxc6 Ke6 36. Kc4 Ke7 37. b4 Kd8 38. b5 Kc7 39. Kd5 Be1
40. b6+ Kxb6 41. Kxd6 Bh4 42. a5+ 1-0

[Event "Barbera del Valles"]
[Site "XXIX Open"]
[Date "2006.07.08"]
[Round "4"]
[White "Vila Seuba, Joan Carles"]
[Black "Rodriguez Pardo, Fernando"]
[Result "0-1"]
[WhiteElo "1982"]
[BlackElo "2165"]
[PlyCount "53"]
[EventDate "2006.07.05"]
[SourceDate "2006.07.06"]

1. d4 Nf6 2. Nf3 e6 3. Bf4 b6 4. e3 Bb7 5. Nbd2 Be7 6. c3 O-O 7. Bd3 d5 8. Ne5
Nbd7 9. Qf3 c5 10. h4 Re8 11. Rh3 Nxe5 12. Bxe5 Ne4 13. Nxe4 dxe4 14. Bxe4 Bxe4
15. Qxe4 f6 16. Bf4 e5 17. dxe5 fxe5 18. Rd1 Qc8 19. Qd5+ Kh8 20. Bxe5 Bf8 21.
h5 h6 22. Rg3 Qa6 23. Bf4 Qa4 24. Be5 Qh4 25. Bc7 Rac8 26. Be5 Rcd8 27. Qf3 0-1

[Event "Barbera del Valles"]
[Site "XXIX Open"]
[Date "2006.07.08"]
[Round "4"]
[White "Ruiz Manchon, Francesc Xavier"]
[Black "Macaya Ruiz, Alfons"]
[Result "1/2-1/2"]
[WhiteElo "2152"]
[BlackElo "2051"]
[PlyCount "61"]
[EventDate "2006.07.05"]
[SourceDate "2006.07.06"]

1. e4 c5 2. c3 Nf6 3. e5 Nd5 4. d4 cxd4 5. Nf3 e6 6. cxd4 d6 7. Bc4 Nc6 8. O-O
Be7 9. Qe2 O-O 10. Re1 Bd7 11. a3 Qb6 12. Qe4 Na5 13. Bd3 f5 14. exf6 Nxf6 15.
Qh4 Nb3 16. Ra2 Nxc1 17. Rxc1 h6 18. b4 Rac8 19. Re1 Qc6 20. Rae2 Qd5 21. Nbd2
Rc3 22. Re3 Rfc8 23. Ne4 Nxe4 24. Qxe4 Qxe4 25. Bxe4 b6 26. h3 Bf6 27. Rxc3
Rxc3 28. Re3 Rc1+ 29. Kh2 Kf7 30. Kg3 Bc6 31. Bxc6 1/2-1/2

[Event "Barbera del Valles"]
[Site "XXIX Open"]
[Date "2006.07.08"]
[Round "4"]
[White "Frances Cuscullola, Oriol"]
[Black "Martinez Balaguer, Josep"]
[Result "1-0"]
[WhiteElo "2009"]
[BlackElo "1937"]
[PlyCount "45"]
[EventDate "2006.07.05"]
[SourceDate "2006.07.06"]

1. Nf3 Nf6 2. g3 g6 3. d4 Bg7 4. b3 O-O 5. Bb2 c5 6. e3 cxd4 7. exd4 Qa5+ 8.
Nbd2 b5 9. Bg2 Bb7 10. O-O Na6 11. c4 bxc4 12. Nxc4 Qh5 13. Re1 Rfe8 14. Re5
Qg4 15. Ne3 Bxf3 16. Bxf3 Qh3 17. Bg2 Qh6 18. Bxa8 Rxa8 19. Bc1 Qh3 20. Qf3 d5
21. Rxe7 Nb4 22. Ba3 Nc6 23. Nxd5 1-0

[Event "Barbera del Valles"]
[Site "XXIX Open"]
[Date "2006.07.08"]
[Round "4"]
[White "Barbero Sendic, Alejandro"]
[Black "Montell Zabay, Albert"]
[Result "1-0"]
[WhiteElo "2019"]
[BlackElo "2158"]
[PlyCount "55"]
[EventDate "2006.07.05"]
[SourceDate "2006.07.06"]

1. e4 d6 2. d4 Nf6 3. Nc3 g6 4. Be3 c6 5. f3 Nbd7 6. Qd2 e5 7. O-O-O b5 8. dxe5
dxe5 9. g4 Qa5 10. g5 Nh5 11. Bh3 Qc7 12. Nge2 b4 13. Na4 Be7 14. Bxd7+ Qxd7
15. Qe1 Qh3 16. Ng3 Nf4 17. Bc5 Bxg5 18. Kb1 Rb8 19. Bd6 Rb5 20. Bxb4 c5 21.
Bxc5 Rxc5 22. Nxc5 O-O 23. Qc3 Bf6 24. Rd6 Be7 25. Rd2 Ne6 26. Nd7 Bg5 27. Nxf8
Bxd2 28. Qxc8 1-0

[Event "Barbera del Valles"]
[Site "XXIX Open"]
[Date "2006.07.08"]
[Round "4"]
[White "Del Valle Cirera, Adria"]
[Black "Campo Echevarria, Juan Francisco"]
[Result "1/2-1/2"]
[WhiteElo "1964"]
[BlackElo "2133"]
[PlyCount "136"]
[EventDate "2006.07.05"]
[SourceDate "2006.07.06"]

1. e4 c5 2. Nf3 e6 3. d4 cxd4 4. Nxd4 a6 5. c4 Nc6 6. Nc3 Qc7 7. Be3 Nf6 8. a3
Be7 9. Be2 b6 10. f3 O-O 11. O-O Nxd4 12. Bxd4 Bc5 13. b4 Bxd4+ 14. Qxd4 Rd8
15. Rac1 Rb8 16. Rfd1 Bb7 17. Na4 Ba8 18. c5 b5 19. Nc3 Ne8 20. a4 Bc6 21. axb5
axb5 22. Ra1 d6 23. Ra5 dxc5 24. Qxc5 Rxd1+ 25. Bxd1 Qd6 26. Qxd6 Nxd6 27. Be2
Be8 28. e5 Nc4 29. Bxc4 bxc4 30. Ne4 h6 31. Rc5 Ba4 32. Rxc4 Bb3 33. Rd4 Bd5
34. Nd6 f6 35. exf6 gxf6 36. Nf5 Kh7 37. Ne7 Bb3 38. Rd7 Kh8 39. Nc6 Rb6 40.
Nd4 Bc4 41. b5 e5 42. Nf5 Bxb5 43. Rf7 h5 44. Ne7 Bc4 45. Ng6+ Kg8 46. Rc7 Bd3
47. Ne7+ Kf8 48. Nc8 Rb1+ 49. Kf2 Rb2+ 50. Kg1 Rb1+ 51. Kf2 Rb2+ 52. Kg1 Rc2
53. Rxc2 Bxc2 54. Kf2 Kg7 55. Ke3 h4 56. f4 Kf7 57. fxe5 fxe5 58. Nd6+ Ke6 59.
Nc4 Kf5 60. Nd2 Ba4 61. Nf3 h3 62. g3 Bc6 63. g4+ Kf6 64. Ng1 Kg5 65. Nxh3+
Kxg4 66. Nf2+ Kh4 67. Nd3 Kh3 68. Nxe5 Kxh2 1/2-1/2

[Event "Barbera del Valles"]
[Site "XXIX Open"]
[Date "2006.07.08"]
[Round "4"]
[White "Molinero Martin, Joan"]
[Black "Fernandez Gonzalez, Julio Honor"]
[Result "0-1"]
[WhiteElo "2103"]
[BlackElo "2079"]
[PlyCount "114"]
[EventDate "2006.07.05"]
[SourceDate "2006.07.06"]

1. e4 e5 2. Nf3 Nc6 3. Bc4 Be7 4. O-O Nf6 5. d3 h6 6. Nc3 d6 7. h3 O-O 8. Ne2
Na5 9. Bb5 a6 10. Ba4 b5 11. b4 Nc6 12. Bb3 Nxb4 13. a4 Bd7 14. Bd2 c5 15. Bxb4
cxb4 16. axb5 Bxb5 17. Ng3 Bd7 18. Nh4 Nxe4 19. Ng6 Nxg3 20. fxg3 Qb6+ 21. Kh2
Bf6 22. Nxf8 Rxf8 23. Qh5 Be6 24. Bxe6 fxe6 25. Qg6 d5 26. Rae1 Qc7 27. Re2 Qf7
28. Qg4 Qe7 29. Ref2 a5 30. Qg6 Kh8 31. h4 Qf7 32. Qg4 h5 33. Qe2 Qg6 34. Qe3
d4 35. Qf3 e4 36. dxe4 e5 37. Qe2 Rc8 38. Ra1 Rc3 39. Rf3 Rc5 40. Raf1 Qg4 41.
Qf2 Rc6 42. Re1 Kh7 43. Qe2 Rc3 44. Ref1 a4 45. Qb5 Rxc2 46. Qxa4 Qxe4 47. Qe8
Qg6 48. Qe6 Rc3 49. Qd6 Rxf3 50. Rxf3 e4 51. Rb3 e3 52. Rxb4 e2 53. Qe6 d3 54.
Rb8 Bd8 55. Qe3 Bc7 56. Re8 Bxg3+ 57. Qxg3 Qxg3+ 0-1

[Event "Barbera del Valles"]
[Site "XXIX Open"]
[Date "2006.07.09"]
[Round "5"]
[White "Narciso Dublan, Marc"]
[Black "Teske, Henrik"]
[Result "1/2-1/2"]
[WhiteElo "2467"]
[BlackElo "2510"]
[PlyCount "63"]
[EventDate "2006.07.05"]
[SourceDate "2006.07.06"]

1. d4 d5 2. c4 e6 3. Nf3 a6 4. c5 b5 5. cxb6 cxb6 6. Bf4 Bd6 7. Bg3 Ne7 8. e3
Nbc6 9. Nc3 Bb7 10. Bd3 Nb4 11. Bb1 Rc8 12. Bh4 Nbc6 $11 13. O-O Na5 14. e4
dxe4 15. Bxe4 Qc7 16. d5 exd5 17. Bxe7 Bxe7 18. Nxd5 Bxd5 19. Qxd5 Rd8 20. Qh5
g6 21. Qh6 Bf8 22. Qe3 Bc5 23. Qh6 Bf8 24. Rac1 Qd6 25. Qe3 Be7 26. Rfe1 Kf8
27. Qh6+ Kg8 28. h4 Qf6 29. Rc2 Bf8 30. Qe3 Kg7 31. Rb1 b5 32. b3 1/2-1/2

[Event "Barbera del Valles"]
[Site "XXIX Open"]
[Date "2006.07.09"]
[Round "5"]
[White "Almeida, Omar"]
[Black "Lopez Martinez, Jose Manuel"]
[Result "0-1"]
[WhiteElo "2467"]
[BlackElo "2480"]
[PlyCount "108"]
[EventDate "2006.07.05"]
[SourceDate "2006.07.06"]

1. d4 d5 2. Nf3 Nf6 3. c4 dxc4 4. Nc3 c6 5. a4 Bf5 6. Ne5 Nbd7 7. Nxc4 Nb6 8.
Ne5 a5 9. f3 Nfd7 10. Nxd7 Nxd7 11. e4 Bg6 12. Be3 e5 13. dxe5 Nxe5 14. Be2 f6
15. f4 Nd7 16. O-O Bc5 17. Bf2 Bxf2+ 18. Rxf2 Nc5 19. Bc4 $11 Qxd1+ 20. Rxd1
Ke7 21. f5 Bf7 22. Bxf7 Kxf7 23. Rfd2 Rhe8 24. Rd4 Re7 25. Kf2 Ra6 26. b4 axb4
27. Rxb4 Ke8 28. Ke3 Ra5 29. g4 Rd7 30. Rbd4 Rxd4 31. Rxd4 Nd7 32. Rb4 b6 33.
Kd2 Kd8 34. Kc2 Kc7 35. h3 Ra8 36. Rd4 g5 37. fxg6 hxg6 38. Rd1 g5 39. Rh1 Nc5
40. Rf1 Nxa4 41. Rxf6 Nxc3 42. Kxc3 Ra3+ 43. Kd4 c5+ 44. Kc4 Ra4+ 45. Kd5 Rd4+
46. Ke5 b5 47. Rf7+ Kb6 48. Rf6+ Ka5 49. Rc6 Kb4 50. Kf5 Kc4 51. e5 b4 52. e6
Kd5 53. Rxc5+ Kxc5 54. e7 Rf4+ 0-1

[Event "Barbera del Valles"]
[Site "XXIX Open"]
[Date "2006.07.09"]
[Round "5"]
[White "Rustemov, Alexander"]
[Black "Gonzalez, Yuri"]
[Result "1/2-1/2"]
[WhiteElo "2565"]
[BlackElo "2491"]
[PlyCount "158"]
[EventDate "2006.07.05"]
[SourceDate "2006.07.06"]

1. Nf3 c5 2. c4 Nc6 3. d4 cxd4 4. Nxd4 Nf6 5. Nc3 e6 6. a3 Bc5 7. Nb3 Be7 8. e4
O-O 9. Bf4 d6 10. Be2 b6 11. Qd2 Bb7 12. O-O-O Ne5 13. f3 Rc8 14. Bxe5 dxe5 15.
Qxd8 Rfxd8 16. Rxd8+ Rxd8 17. Rd1 Rxd1+ 18. Kxd1 Nd7 19. Kc2 Kf8 20. Nc1 Bc5
21. b4 Bg1 22. h3 Ke7 23. Bd3 g6 24. Nb5 a6 25. Nc3 h5 26. Nb3 h4 27. a4 Nb8
28. b5 axb5 29. cxb5 Kd6 30. Nb1 Nd7 31. N1d2 Kc7 32. Nc4 Ba8 33. a5 bxa5 34.
Nbxa5 Bc5 35. Kb3 Bd4 36. Kb4 Bc5+ 37. Ka4 Bf2 38. Nb3 Bb7 39. Bc2 Bc8 40. Nc1
Bb7 41. Nd3 Bd4 42. Kb4 f5 43. Nc1 Bc5+ 44. Ka5 Bd4 45. Nb3 Bc3+ 46. Ka4 Ba8
47. Ka3 Bb7 48. Bd3 Ba8 49. Ka2 Be1 50. Kb2 Bf2 51. Kc3 Be1+ 52. Kc2 Bf2 53.
Kd2 Ba7 54. Ke2 Bb7 55. Bc2 Ba8 56. Ncd2 Bb6 57. Nc4 Ba7 58. Bb1 Bb7 59. Bd3
Ba8 60. Kd1 Bb7 61. Kc2 Ba8 62. Nbd2 Bd4 63. Nb3 Ba7 64. Nc1 Bf2 65. Na2 Bd4
66. Nc3 Bb7 67. Na4 Ba8 68. Kb3 Bf2 69. Bb1 Bb7 70. Na5 Ba8 71. Kc4 Nf6 72. Nc5
Bxc5 73. Kxc5 fxe4 74. b6+ Kb8 75. Nc4 exf3 76. gxf3 Bxf3 77. Nxe5 Bg2 78. Nxg6
Nd7+ 79. Kd6 Nxb6 1/2-1/2

[Event "Barbera del Valles"]
[Site "XXIX Open"]
[Date "2006.07.09"]
[Round "5"]
[White "Epishin, Vladimir"]
[Black "De la Paz, Frank"]
[Result "1-0"]
[WhiteElo "2555"]
[BlackElo "2442"]
[PlyCount "109"]
[EventDate "2006.07.05"]
[SourceDate "2006.07.06"]

1. d4 Nf6 2. c4 g6 3. Nc3 Bg7 4. e4 d6 5. Nf3 O-O 6. Be2 e5 7. O-O c6 8. Re1
Na6 9. Bf1 Bg4 10. d5 Ne8 11. Be2 Bd7 12. a3 c5 13. g3 f5 14. exf5 gxf5 15. Nh4
Kh8 16. Bd3 Nac7 17. Qh5 Nf6 18. Qg5 Ng4 19. Qxd8 Raxd8 20. Be2 Nf6 21. b4 Na6
22. Rb1 Ne8 23. Rb3 Bf6 24. Ng2 Rg8 25. Bb2 Rg7 26. b5 Nb8 27. Nd1 Re7 28. Nde3
Ng7 29. f4 Rf8 30. Rf1 e4 31. Bxf6 Rxf6 32. h3 h5 33. g4 hxg4 34. hxg4 Rh6 35.
g5 Rh3 36. Kf2 Ne8 37. Nxf5 Bxf5 38. Rxh3+ Bxh3 39. Rh1 Rh7 40. g6 Rh6 41. Bg4
Bxg4 42. Rxh6+ Kg8 43. Ne3 Nf6 44. Kg3 Bc8 45. Kh4 Kg7 46. Kg5 b6 47. a4 a5 48.
Rh8 Kxh8 49. Kxf6 Kg8 50. Ke7 Kg7 51. f5 Bxf5 52. Nxf5+ Kxg6 53. Ne3 Kg5 54.
Kxd6 Kf4 55. Nc2 1-0

[Event "Barbera del Valles"]
[Site "XXIX Open"]
[Date "2006.07.09"]
[Round "5"]
[White "Cuartas, Jaime Alexander"]
[Black "Perpinya Rofes, Lluis Maria"]
[Result "1-0"]
[WhiteElo "2466"]
[BlackElo "2333"]
[PlyCount "69"]
[EventDate "2006.07.05"]
[SourceDate "2006.07.06"]

1. e4 c5 2. Nf3 Nc6 3. d4 cxd4 4. Nxd4 Nf6 5. Nc3 d6 6. Bg5 e6 7. Qd2 a6 8.
O-O-O Bd7 9. f4 b5 10. a3 Be7 11. Nb3 O-O 12. Bxf6 gxf6 13. Be2 Qb6 14. Rhf1
Kh8 15. f5 Ne5 16. Qd4 Qxd4 17. Nxd4 Rg8 18. g3 Rac8 19. Bh5 Rc4 20. Nde2 Rgc8
21. Kb1 Kg8 22. Nd4 exf5 23. Be2 fxe4 24. Bxc4 Nxc4 25. Nd5 Kf8 26. b3 Nxa3+
27. Kb2 b4 28. c4 Bg4 29. Nxe7 Kxe7 30. Nf5+ Bxf5 31. Rxf5 Rc5 32. Rdf1 Re5 33.
Rxf6 e3 34. Rxf7+ Ke8 35. R7f3 1-0

[Event "Barbera del Valles"]
[Site "XXIX Open"]
[Date "2006.07.09"]
[Round "5"]
[White "Cruz, Cristhian"]
[Black "Cruz, Filemon"]
[Result "1/2-1/2"]
[WhiteElo "2284"]
[BlackElo "2397"]
[PlyCount "23"]
[EventDate "2006.07.05"]
[SourceDate "2006.07.06"]

1. d4 Nf6 2. c4 g6 3. g3 Bg7 4. Bg2 O-O 5. Nf3 d6 6. O-O Nc6 7. Nc3 a6 8. d5
Na5 9. Qd3 c5 10. dxc6 Nxc6 11. Bg5 h6 12. Be3 1/2-1/2

[Event "Barbera del Valles"]
[Site "XXIX Open"]
[Date "2006.07.09"]
[Round "5"]
[White "Alonso Moyano, Jonathan"]
[Black "Garcia Jimenez, Francisco Javier"]
[Result "1/2-1/2"]
[WhiteElo "2372"]
[BlackElo "2270"]
[PlyCount "33"]
[EventDate "2006.07.05"]
[SourceDate "2006.07.06"]

1. d4 d5 2. Nf3 Nf6 3. Bf4 c6 4. e3 Bg4 5. Nbd2 Nh5 6. h3 Bxf3 7. Qxf3 Nxf4 8.
Qxf4 e6 9. Bd3 Bd6 10. Qg4 O-O 11. O-O f5 12. Qe2 Nd7 13. f4 Nf6 14. Nf3 Ne4
15. Bxe4 fxe4 16. Ne5 Bxe5 17. fxe5 1/2-1/2

[Event "Barbera del Valles"]
[Site "XXIX Open"]
[Date "2006.07.09"]
[Round "5"]
[White "Asensio Linan, Teodoro"]
[Black "Asis Gargatagli, Hipolit"]
[Result "1/2-1/2"]
[WhiteElo "2244"]
[BlackElo "2371"]
[PlyCount "98"]
[EventDate "2006.07.05"]
[SourceDate "2006.07.06"]

1. d4 g6 2. e4 Bg7 3. Nc3 d6 4. Be3 a6 5. a4 b6 6. Qd2 Nd7 7. h3 Bb7 8. Nf3 e5
9. Bc4 Ngf6 10. O-O O-O 11. dxe5 Nxe5 12. Nxe5 dxe5 13. Bd3 Qe7 14. Rfd1 Rad8
15. Bg5 Rd4 16. Qe2 a5 17. Nb5 Rd7 18. Bc4 Rfd8 19. Nc3 h6 20. Rxd7 Rxd7 21.
Bxf6 Qxf6 22. Rd1 Rxd1+ 23. Qxd1 Bf8 24. Nd5 Bxd5 25. Bxd5 Bc5 26. Qe2 Qf4 27.
c3 Kf8 28. Qc2 h5 29. b4 axb4 30. cxb4 Bxb4 31. g3 Qf6 32. Kg2 Qd6 33. Qc6 Qxc6
34. Bxc6 Ke7 35. f4 Bd2 36. Kf3 exf4 37. gxf4 f6 38. Bb5 Bc1 39. Bc6 Bb2 40.
Ke3 g5 41. Kf3 Bc1 42. fxg5 fxg5 43. Bb5 Bb2 44. Be2 Bc1 45. e5 g4+ 46. hxg4
hxg4+ 47. Kxg4 Ke6 48. Bb5 Kxe5 49. Kf3 Kd4 1/2-1/2

[Event "Barbera del Valles"]
[Site "XXIX Open"]
[Date "2006.07.09"]
[Round "5"]
[White "Vilela, Jose Luis"]
[Black "Carbonell Bofill, Carlos Eloy"]
[Result "1-0"]
[WhiteElo "2355"]
[BlackElo "2175"]
[PlyCount "59"]
[EventDate "2006.07.05"]
[SourceDate "2006.07.06"]

1. d4 e6 2. c4 d5 3. Nf3 f5 4. g3 c6 5. Bg2 Be7 6. O-O Nd7 7. Qc2 Nf8 8. Ne5
Nd7 9. Nd3 Bf6 10. Nf4 Nf8 11. Nc3 Bxd4 12. cxd5 exd5 13. Ncxd5 Be5 14. Nb4 Ne7
15. Rd1 Qc7 16. Nbd3 Bd6 17. Qc3 Neg6 18. e4 Ne6 19. exf5 Nexf4 20. Nxf4 Nxf4
21. Bxf4 Bxf4 22. Re1+ Kf7 23. Qc4+ Kf6 24. Re6+ Bxe6 25. Qxe6+ Kg5 26. h4+ Kg4
27. Qe2+ Kxf5 28. Bh3+ Kg6 29. Qe6+ Kh5 30. Bg4# 1-0

[Event "Barbera del Valles"]
[Site "XXIX Open"]
[Date "2006.07.09"]
[Round "5"]
[White "Torao Compte, Victor"]
[Black "Vehi Bach, Victor"]
[Result "1/2-1/2"]
[WhiteElo "2011"]
[BlackElo "2345"]
[PlyCount "99"]
[EventDate "2006.07.05"]
[SourceDate "2006.07.06"]

1. e4 c5 2. a3 g6 3. Nc3 Bg7 4. f4 Nc6 5. Nf3 e6 6. e5 d6 7. Bb5 Nge7 8. exd6
Qxd6 9. O-O O-O 10. Kh1 b6 11. d3 Bb7 12. Ne4 Qc7 13. c3 Rfd8 14. Qe2 a6 15.
Ba4 h6 16. Bc2 Re8 17. Qf2 f5 18. Qh4 fxe4 19. dxe4 c4 20. f5 gxf5 21. Bxh6 Ng6
22. Qh5 Bxh6 23. exf5 exf5 24. Bxf5 Qg7 25. Bxg6 Re6 26. Bf5 Re7 27. Qh3 Rae8
28. Nh4 Ne5 29. Rae1 Bg5 30. Be4 Bxh4 31. Qxh4 Nd3 32. Bxb7 Rxe1 33. Bd5+ R1e6
34. Qxc4 Nc5 35. b4 Kh8 36. bxc5 Rf6 37. Qh4+ Rh6 38. Qd4 Qxd4 39. cxd4 bxc5
40. dxc5 Rh5 41. Bb7 Rxc5 42. Bxa6 Ra5 43. Bb7 Rxa3 44. h3 Rae3 45. Kh2 R8e7
46. Bd5 R3e5 47. Bf3 Rc7 48. Rd1 Kg7 49. Rd6 Ra5 50. Rd2 1/2-1/2

[Event "Barbera del Valles"]
[Site "XXIX Open"]
[Date "2006.07.09"]
[Round "5"]
[White "Gomez Jurado, Luis Alberto"]
[Black "Porras Mateo, Felipe"]
[Result "1-0"]
[WhiteElo "2333"]
[BlackElo "2025"]
[PlyCount "47"]
[EventDate "2006.07.05"]
[SourceDate "2006.07.06"]

1. d4 Nf6 2. Nf3 e6 3. c4 Bb4+ 4. Bd2 Be7 5. Nc3 d5 6. Qc2 Nbd7 7. e4 dxe4 8.
Nxe4 Nxe4 9. Qxe4 Nf6 10. Qc2 b6 11. Bc3 Bb7 12. Ne5 O-O 13. O-O-O Qc8 14. Bd3
c5 15. dxc5 Qxc5 16. Nd7 Nxd7 17. Bxh7+ Kh8 18. Rxd7 Bxg2 19. Rg1 Bg5+ 20. Kb1
Qc6 21. Bxg7+ Kxg7 22. Qg6+ Kh8 23. Qxg5 Qxc4 24. Qxg2 1-0

[Event "Barbera del Valles"]
[Site "XXIX Open"]
[Date "2006.07.09"]
[Round "5"]
[White "Ridameya Tatche, Josep"]
[Black "Moreto Quintana, Alex"]
[Result "0-1"]
[WhiteElo "2204"]
[BlackElo "2138"]
[PlyCount "108"]
[EventDate "2006.07.05"]
[SourceDate "2006.07.06"]

1. e4 c5 2. Nf3 e6 3. b4 cxb4 4. d4 Nf6 5. Bd3 d5 6. e5 Nfd7 7. a3 Nc6 8. axb4
Nxb4 9. Be2 Be7 10. c3 Nc6 11. Bd3 a6 12. h4 h6 13. Nh2 Bxh4 14. Qg4 Ndxe5 15.
dxe5 Nxe5 16. Qe2 Nxd3+ 17. Qxd3 Bd7 18. Ng4 Bb5 19. Qd4 Kf8 20. g3 Bg5 21. f4
Be7 22. Na3 Rc8 23. Ne5 Bc5 24. Qd1 Be8 25. Qf3 f6 26. Nd3 Be7 27. Bd2 d4 28.
O-O dxc3 29. Bc1 Bc6 30. Qe2 Qd5 31. Kh2 b5 32. Nc2 Rd8 33. Ndb4 Qe4 34. Qxe4
Bxe4 35. Rxa6 Kf7 36. Re1 f5 37. Ra7 Ra8 38. Rc7 Rhc8 39. Rxc8 Rxc8 40. Be3 Rc4
41. Rb1 Bxb4 42. Rxb4 Bxc2 43. Rxc4 bxc4 44. Bd4 g5 45. Bxc3 gxf4 46. gxf4 Ke7
47. Kg3 Kd6 48. Kf2 Kd5 49. Ke3 h5 50. Bf6 Ba4 51. Bd8 c3 52. Kd3 c2 53. Kd2
Ke4 54. Bg5 Kf3 0-1

[Event "Barbera del Valles"]
[Site "XXIX Open"]
[Date "2006.07.09"]
[Round "5"]
[White "Alonso Rosell, Alvar"]
[Black "Severri Arrese, Carlos"]
[Result "1/2-1/2"]
[WhiteElo "2196"]
[BlackElo "2069"]
[PlyCount "95"]
[EventDate "2006.07.05"]
[SourceDate "2006.07.06"]

1. d4 g6 2. c4 d6 3. Nc3 Bg7 4. e4 Nc6 5. Nge2 e5 6. d5 Nb8 7. h4 h6 8. g3 Nf6
9. Bh3 Bxh3 10. Rxh3 Qd7 11. Rh1 Na6 12. f3 c6 13. Be3 c5 14. Qd3 Nc7 15. g4 h5
16. g5 Nh7 17. O-O-O a6 18. f4 exf4 19. Bxf4 b5 20. e5 bxc4 21. Qe4 O-O 22.
exd6 Rfe8 23. dxc7 Rxe4 24. Nxe4 Qg4 25. Rhe1 c3 26. bxc3 Nf8 27. Nd6 Qd7 28.
c8=Q Rxc8 29. Nxc8 Qxc8 30. Bd6 Nd7 31. Kc2 Qb7 32. Nf4 Qb5 33. Re7 Qa4+ 34.
Kd2 Bxc3+ 35. Kxc3 Qxd1 36. Rxd7 Qd4+ 37. Kb3 Qb4+ 38. Kc2 Qa4+ 39. Kd3 c4+ 40.
Kd4 Qxd7 41. Be5 Qc8 42. d6 c3 43. Nd5 Kf8 44. Nxc3 Qg4+ 45. Ne4 Ke8 46. Kd5
Qe6+ 47. Kd4 Qg4 48. Kd5 1/2-1/2

[Event "Barbera del Valles"]
[Site "XXIX Open"]
[Date "2006.07.09"]
[Round "5"]
[White "Rodriguez Pardo, Fernando"]
[Black "Losada Cabrera, Francisco Javier"]
[Result "1/2-1/2"]
[WhiteElo "2165"]
[BlackElo "2195"]
[PlyCount "85"]
[EventDate "2006.07.05"]
[SourceDate "2006.07.06"]

1. d4 d5 2. c4 e6 3. Nf3 Nf6 4. g3 c6 5. Bg2 Nbd7 6. O-O Bd6 7. Nc3 O-O 8. e4
Nxe4 9. Nxe4 dxe4 10. Ng5 Nf6 11. Nxe4 Nxe4 12. Bxe4 e5 13. dxe5 Bxe5 14. Bxh7+
Kxh7 15. Qh5+ Kg8 16. Qxe5 Re8 17. Qh5 Qd4 18. Rd1 Qxc4 19. Be3 Bg4 20. Qh4 Qe2
21. Rd2 Qf3 22. Rd4 Be6 23. Qf4 Qxf4 24. Rxf4 Bd5 25. a4 Re6 26. h4 Rae8 27. a5
b6 28. Kf1 c5 29. axb6 axb6 30. b4 cxb4 31. Rxb4 b5 32. Rd4 Bc4+ 33. Ke1 Re4
34. Rxe4 Rxe4 35. Ra8+ Kh7 36. Rd8 Kg6 37. Rd4 Kf5 38. Rxe4 Kxe4 39. Kd2 b4 40.
h5 Be6 41. h6 gxh6 42. Bxh6 Kd4 43. Kc2 1/2-1/2